000 00840cab a2200277 4500
001 WB3125-40
008 090401t1995 xxu||||| |||| 00| 0 eng d
035 _a(Sirsi) u15371
041 _aeng
245 _aCost of moving pipes
260 _c1995
350 _a0
490 _aFinancial Times
_v27 June 1995, 11(1)
520 _aWorried by the increasing number of plans for tram networks, the utilities want to pay 2% as opposed to the current 18% of the cost of moving underground pipes and cables.
650 _aBRITISH GAS
650 _aBT
650 _aELECTRICITY COMPANIES
650 _aMERCURY
650 _aNATIONAL JOINT UTILITIES GROUP
650 _aTRAM NETWORKS
650 _aWATER COMPANIES
690 _aBUILT ENVIRONMENT
690 _aTRANSPORT AND COMMUNICATIONS
942 _n0
948 _c04/03/1997
999 _c10073
_d10073